000 00751nam a2200217 a 4500
001 47867
003 BD-RjUL
005 20211209054417.0
008 160810s2001 ii ||||| |||| 00| 0 ben d
035 _a(BD-RjUL)47986
040 _aBD-RjUL
_bben
_cBD-RjUL
041 _aben
082 _223
_a781.62
_bCHL 2001
100 1 _aচট্টোপাধ্যায়, বিমলচন্দ্র
_9145288
245 1 0 _aলোক-সাংবাদিকতা :
_bলোক সঙ্গীত /
260 _aঢাকা :
_bবাংলা একাডেমী,
_c২০০১
300 _a[জ], ১৭৮ পৃ. ;
_c১৮ সেমি.
650 _aলোক সংগীত
_9145289
650 _aFolk music
_9145290
942 _2ddc
_cBK
999 _c47867
_d47867